zpět

Detail výsledku týmu

Dřevák, Chomutov

Datum a čas kvízu

35 Celkem bodů Celkový počet nahraných bodů na tomto kvízu bez doplňovacích otázek.
5. Pořadí na kvízu Konečné umístění týmu na tomto kvízu.

Zaznamenané odpovědi

# Otázka Odpověď Body Výsledky
1. Dle rozhodnutí soudu z minuléh... Tomio Okamura 1
2. Slovenská policie minulý týden... Robert Fico, Robert Kaliňák 0.5
3. Společnost Mattel vydala u pří... královna Alžběta II. 1
4. Jedna z českých nápojářských z... Kofola 1
5. Českým házenkářkám se povedl m... Francie 1
6. V tomto tématu stačí vždy odpo... ANO 0
7. Italský fotbalový klub AC Milá... NE 1
8. Moravská Třebová je město na v... NE 0
9. YouTube je internetový server... NE 0
10. Tolstolobik bílý je sladkovodn... NE 0